Online Public Access Catalog -OPAC

Conybeare's textbook of medicine (Record no. 494)

MARC details
000 -LEADER
fixed length control field 00442nam a2200109Ia 4500
008 - FIXED-LENGTH DATA ELEMENTS--GENERAL INFORMATION
fixed length control field 180412s9999||||xx |||||||||||||| ||und||
040 ## - CATALOGING SOURCE
Original cataloging agency Ahmadu Bello University Library - Zaria
100 ## - MAIN ENTRY--PERSONAL NAME
Personal name MANN, W. N.
245 #0 - TITLE STATEMENT
Title Conybeare's textbook of medicine
Statement of responsibility, etc. W.N. Mann, M.H.Lessof.
260 ## - PUBLICATION, DISTRIBUTION, ETC.
Name of publisher, distributor, etc. Livingstone; Edinburgh.
Date of publication, distribution, etc. 1970
300 ## - PHYSICAL DESCRIPTION
Extent xii, 933p.; ill.
600 ## - SUBJECT ADDED ENTRY--PERSONAL NAME
Personal name Clinical medicine. Minor medicine. Aids to medical practice, techniques in hospital and private practice, etc.

No items available.

Customized by ICT Technical Service Unit on 29th Dec 2022

Kashim Ibrahim Library